[Event "Africa-ch rapid"]
[Site "Accra"]
[Date "2024.03.10"]
[Round "5"]
[White "Amin, Bassem"]
[Black "Zhemba, Jemusse"]
[Result "1-0"]
[WhiteElo "2670"]
[BlackElo "2226"]
[PlyCount "85"]
[EventDate "2024.03.07"]
[EventType "swiss (rapid)"]
[EventRounds "6"]
[EventCountry "GHA"]
[SourceTitle "CB15_2024"]
[SourceDate "2024.04.10"]
[SourceVersion "1"]
[SourceVersionDate "2024.04.10"]
[SourceQuality "1"]

1. Nf3 Nf6 2. g3 d5 3. Bg2 c5 4. 0-0 Nc6 5. d4 cxd4 6. Nxd4 e5 7. Nxc6 bxc6 8. c4 Be6 9. Nc3 Qd7 10. Qa4 Rc8 11. cxd5 cxd5 12. Qxd7+ Kxd7 13. Rd1 d4 14. e3 Bg4 15. f3 Be6 16. exd4 exd4 17. Be3 Ke8 18. Bxd4 Bc5 19. Nb5 Ke7 20. Nxa7 Bxd4+ 21. Rxd4 Rc2 22. f4 Ng4 23. Re1 g6 24. h3 Nh6 25. g4 Re8 26. Rb4 Kf8 27. Nb5 Bxa2 28. Rxe8+ Kxe8 29. Nc3 Be6 30. f5 Rc1+ 31. Kh2 gxf5 32. g5 Ng4+ 33. hxg4 fxg4 34. Ne4 Rc2 35. Kg3 Kd7 36. Rd4+ Kc7 37. Rd2 Rc1 38. Nf6 Rc5 39. Bd5 Bf5 40. Bxf7 Rc1 41. Bd5 Rg1+ 42. Bg2 Rb1 43. Be4 1-0

[Event "Africa-ch rapid"]
[Site "Accra"]
[Date "2024.03.10"]
[Round "6"]
[White "Rakotomaharo, Fy Antenaina"]
[Black "Zhemba, Jemusse"]
[Result "1-0"]
[WhiteElo "2454"]
[BlackElo "2226"]
[PlyCount "105"]
[EventDate "2024.03.07"]
[EventType "swiss (rapid)"]
[EventRounds "6"]
[EventCountry "GHA"]
[SourceTitle "CB15_2024"]
[SourceDate "2024.04.10"]
[SourceVersion "1"]
[SourceVersionDate "2024.04.10"]
[SourceQuality "1"]

1. Nf3 d5 2. e3 c5 3. b3 Nf6 4. Bb2 g6 5. c4 Bg7 6. cxd5 Qxd5 7. Nc3 Qf5 8. d4 0-0 9. Bd3 Qh5 10. Be2 cxd4 11. Nxd4 Qa5 12. 0-0 Bd7 13. Bf3 Nc6 14. Nxc6 Bxc6 15. Bxc6 bxc6 16. Qc2 Rfd8 17. Na4 Qb5 18. Rac1 Nd5 19. Bxg7 Kxg7 20. Qb2+ Kg8 21. Rc5 Qb7 22. h4 Nb4 23. Rc4 Rd5 24. e4 Rd6 25. Nc5 Qb6 26. Qe5 Re8 27. h5 Na6 28. h6 f6 29. Qc3 Nxc5 30. Rxc5 Qa6 31. e5 Rd3 32. Qc1 f5 33. Rxc6 Qb5 34. Rc8 Rdd8 35. Rxd8 Rxd8 36. Qc7 Qd7 37. Qc4+ Kf8 38. e6 Qd2 39. Qc7 Rd6 40. Qb8+ Rd8 41. Qe5 Qd4 42. Qxd4 Rxd4 43. Rc1 Ke8 44. Rc8+ Rd8 45. Rc7 Rd6 46. Rxa7 Rxe6 47. b4 g5 48. b5 Kd8 49. a4 Rxh6 50. a5 Rh4 51. b6 Rb4 52. b7 Rb1+ 53. Kh2 1-0

[Event "Olympiad-44"]
[Site "Chennai"]
[Date "2022.07.29"]
[Round "1.4"]
[White "Zhemba, Jemusse"]
[Black "Sasikiran, Krishnan"]
[Result "0-1"]
[WhiteElo "2162"]
[BlackElo "2638"]
[PlyCount "78"]
[EventDate "2022.07.29"]
[EventType "team-swiss"]
[EventRounds "11"]
[EventCountry "IND"]
[SourceTitle "CBM 210"]
[Source "ChessBase"]
[SourceDate "2022.10.31"]
[SourceVersion "1"]
[SourceVersionDate "2022.10.31"]
[SourceQuality "1"]
[WhiteTeam "Zimbabwe"]
[BlackTeam "India"]
[WhiteTeamCountry "ZIM"]
[BlackTeamCountry "IND"]

1. e4 c5 2. Nf3 d6 3. d4 cxd4 4. Nxd4 Nf6 5. Nc3 Nc6 6. Bg5 e6 7. Qd2 a6 8. 0-0-0 Be7 9. Nb3 b5 10. Qe1 b4 11. Nb1 0-0 12. f3 a5 13. Nd4 Nxd4 14. Rxd4 e5 15. Rd2 Qc7 16. c4 Nxe4 17. Qxe4 Bxg5 18. Qxa8 Bf5 19. Qd5 Be6 20. Qd3 d5 21. Kd1 Bxd2 22. Nxd2 dxc4 23. Qc2 Rc8 24. g4 h6 25. Ke1 c3 26. Ne4 cxb2 27. Qxb2 Qb6 28. Be2 Qe3 29. Nf2 Rc1+ 30. Nd1 b3 31. a3 Qf4 32. Qd2 Qxd2+ 33. Kxd2 b2 34. Bd3 b1Q 35. Bxb1 Rxb1 36. Re1 f6 37. Kc2 Ra1 38. Re3 a4 39. Nb2 Bb3+ 0-1

[Event "Olympiad-43"]
[Site "Batumi"]
[Date "2018.09.25"]
[Round "2.3"]
[White "Taleka, Jed Selu"]
[Black "Zhemba, Jemusse"]
[Result "1/2-1/2"]
[WhiteElo "1723"]
[BlackElo "2138"]
[PlyCount "132"]
[EventDate "2018.09.24"]
[EventType "team-swiss"]
[EventRounds "11"]
[EventCountry "GEO"]
[SourceTitle "CBM 187"]
[Source "ChessBase"]
[SourceDate "2018.12.11"]
[SourceVersion "1"]
[SourceVersionDate "2018.12.11"]
[SourceQuality "1"]
[WhiteTeam "Nauru"]
[BlackTeam "Zimbabwe"]
[WhiteTeamCountry "NAU"]
[BlackTeamCountry "ZIM"]

1. d4 Nf6 2. Nf3 g6 3. Bf4 Bg7 4. e3 0-0 5. Bc4 c5 6. Bxb8 Rxb8 7. Nbd2 b5 8. Be2 cxd4 9. Nxd4 a6 10. 0-0 Bb7 11. Bf3 d5 12. c3 e5 13. N4b3 Qc7 14. Rc1 Rfd8 15. Qe1 a5 16. a3 Qb6 17. Rd1 b4 18. axb4 axb4 19. c4 d4 20. c5 Qb5 21. Bxb7 Rxb7 22. exd4 exd4 23. Ne4 Ne8 24. Qd2 d3 25. Rfe1 Rbd7 26. Rc1 Rd5 27. c6 Nc7 28. g3 h6 29. Qf4 Qb6 30. Nf6+ Bxf6 31. Qxf6 R8d6 32. Qf4 g5 33. Qd2 Rxc6 34. Rxc6 Qxc6 35. Rc1 Qd6 36. Rc4 Na6 37. h4 Qe6 38. Rd4 Rxd4 39. Nxd4 Qe4 40. Nb3 Qe2 41. hxg5 Qxd2 42. Nxd2 hxg5 43. f3 f5 44. Kf2 f4 45. Ne4 Nc5 46. Nd2 Kf7 47. g4 Ke6 48. Ke1 Kd5 49. Kd1 Kd4 50. Nf1 Nb3 51. Ke1 Kc4 52. Kd1 Kd4 53. Ke1 Na5 54. Kd1 Nc4 55. Kc1 Ne3 56. Nd2 Nxg4 57. fxg4 Ke3 58. Kd1 f3 59. b3 f2 60. Nf1+ Kf3 61. Kd2 Kxg4 62. Ke3 Kf5 63. Kxd3 Kf4 64. Ke2 Ke4 65. Kxf2 Kd3 66. Ne3 g4 1/2-1/2

[Event "Africa-ch"]
[Site "Livingstone"]
[Date "2018.05.18"]
[Round "7"]
[White "Zhemba, Jemusse"]
[Black "Fawzy, Adham"]
[Result "0-1"]
[WhiteElo "2123"]
[BlackElo "2438"]
[PlyCount "102"]
[EventDate "2018.05.13"]
[EventType "swiss"]
[EventRounds "9"]
[EventCountry "ZAM"]
[SourceTitle "CBM 184 Extra"]
[Source "ChessBase"]
[SourceDate "2018.06.28"]
[SourceVersion "1"]
[SourceVersionDate "2018.06.28"]
[SourceQuality "1"]

1. d4 Nf6 2. Nf3 e6 3. e3 Be7 4. Bd3 d5 5. 0-0 c5 6. b3 Nbd7 7. Nbd2 b6 8. Bb2 Bb7 9. Ne5 0-0 10. f4 Ne4 11. Rf3 f5 12. Bxe4 Nxe5 13. fxe5 dxe4 14. Rh3 Qe8 15. Qe2 Rd8 16. c3 cxd4 17. cxd4 Rc8 18. Nc4 Ba6 19. Kh1 g6 20. g4 Qc6 21. gxf5 Rxf5 22. Rc1 Rcf8 23. Rg3 Rf2 24. Qh5 Rf1+ 25. Rg1 Rxc1 26. Bxc1 Rf1 27. Qh3 Rxg1+ 28. Kxg1 b5 29. Ba3 bxc4 30. Bxe7 cxb3 31. axb3 Qc1+ 32. Kf2 Qd2+ 33. Kg3 Qxe3+ 34. Kh4 Qf4+ 35. Qg4 Qxh2+ 36. Qh3 Qxh3+ 37. Kxh3 h6 38. Bc5 Bf1+ 39. Kg3 a6 40. Kf4 Bd3 41. Be7 Kf7 42. Bb4 g5+ 43. Ke3 Kg6 44. Bd2 Kf5 45. Kf2 h5 46. Be3 h4 47. Kg2 g4 48. Kh2 g3+ 49. Kg2 Kg4 50. d5 h3+ 51. Kg1 h2+ 0-1

[Event "Africa-ch"]
[Site "Livingstone"]
[Date "2018.05.13"]
[Round "1"]
[White "Zhemba, Jemusse"]
[Black "Hesham, Abdelrahman"]
[Result "1/2-1/2"]
[WhiteElo "2123"]
[BlackElo "2413"]
[PlyCount "75"]
[EventDate "2018.05.13"]
[EventType "swiss"]
[EventRounds "9"]
[EventCountry "ZAM"]
[SourceTitle "CBM 184 Extra"]
[Source "ChessBase"]
[SourceDate "2018.06.28"]
[SourceVersion "1"]
[SourceVersionDate "2018.06.28"]
[SourceQuality "1"]

1. e4 c5 2. Nf3 d6 3. d4 cxd4 4. Nxd4 Nf6 5. Nc3 a6 6. Rg1 Nc6 7. g4 Nxd4 8. Qxd4 Bxg4 9. Rxg4 Nxg4 10. Qa4+ Qd7 11. Bb5 axb5 12. Qxa8+ Qd8 13. Qxb7 e6 14. Qxb5+ Qd7 15. Qxd7+ Kxd7 16. h3 Ne5 17. Ke2 Be7 18. Na4 Rb8 19. b3 g5 20. Be3 f5 21. Rd1 Kc6 22. f3 Bf6 23. c4 Ng6 24. Rg1 h6 25. Rc1 fxe4 26. fxe4 Be5 27. Nc3 Nf4+ 28. Bxf4 Bxf4 29. Rf1 Kc5 30. Kd3 Ra8 31. Rf2 h5 32. Rb2 Kb4 33. Nb5 Be5 34. Rg2 Rg8 35. Nd4 g4 36. hxg4 Bxd4 37. Kxd4 Rxg4 38. Rh2 1/2-1/2